| 000 | 00374nam a22001337a 4500 | ||
|---|---|---|---|
| 020 | _a9789251052501 | ||
| 041 | _aENG | ||
| 100 | _aRoberto cuevas | ||
| 245 | _aFood Engineering ,quality and Competitveness in small food industry Systems | ||
| 260 |
_aRome _bFood And Agricul ture organization of the united nations _c2004 |
||
| 300 | _a81 | ||
| 650 | _aFAO | ||
| 856 | _uFAO | ||
| 999 |
_c3259 _d3259 |
||